LEADER 01059nam--2200349---450- 001 990000345500203316 035 $a0034550 035 $aUSA010034550 035 $a(ALEPH)000034550USA01 035 $a0034550 100 $a20010226d1979----km-y0itay0103----ba 101 $aita 102 $aIT 105 $a||||||||001yy 200 1 $aComprendere l'elettronica a stato solido$fa cura del Learning Center della Texas Instruments 210 $aMilano$cJacson italiana editrice$d1979 215 $a222 p.$cill.$d21 461 1$1001-------$12001 606 $aElettronica 676 $a537.5 702 1$aTexas Instruments : Learning Center 801 0$aIT$bsalbc$gISBD 912 $a990000345500203316 951 $a001 BUG 16$b4579 SM$c001 BUG$d00100752 959 $aBK 969 $aSCI 979 $aPATTY$b90$c20010226$lUSA01$h1321 979 $aPATTY$b90$c20010226$lUSA01$h1321 979 $c20020403$lUSA01$h1642 979 $aPATRY$b90$c20040406$lUSA01$h1624 996 $aComprendere l'elettronica a stato solido$9878772 997 $aUNISA LEADER 01047nam--2200325---450- 001 990006044330203316 005 20150529140424.0 035 $a000604433 035 $aUSA01000604433 035 $a(ALEPH)000604433USA01 035 $a000604433 100 $a20150529d1972----km-y0itay50------ba 101 $aita 102 $aIT 105 $a||||||||001yy 200 1 $aDomus Montis Cenisii$elo sviluppo di un ente ospedaliero in una competizione di poteri$fGiuseppe Sergi 210 $aTorino$cDeputazione Subalpina di Storia Patria$d1972 215 $a56 p.$d24 cm 300 $aGià pubblicato in: Bollettino Storico-Bibliografico Subalpino, 70 (1972) 606 0 $aOspizio del Moncenisio$zSec. 9.-13.$xStoria$2BNCF 676 $a362.1109 700 1$aSERGI,$bGiuseppe$075546 801 0$aIT$bsalbc$gISBD 912 $a990006044330203316 951 $aFC.OE. 400$b469 FCil$cFC.OE.$d376650 959 $aBK 969 $aFCIL 979 $aGENEROSO$b90$c20150529$lUSA01$h1404 996 $aDomus Montis Cenisii$91076358 997 $aUNISA